Spell the Capital of Myanmar - Statistics

General Stats
  • This quiz has been taken 131 times
  • The average score is 8 of 9
Answer Stats
Capital % Correct
N
100%
a
97%
p
94%
y
94%
y
89%
i
86%
a
82%
d
82%
w
82%
No matching quizzes found
Score Distribution
Percent of People with Each Score
Percentile by Number Answered
Your Score History
You have not taken this quiz